Θεωρία και προβλήματα στα ανώτερα μαθηματικά

Αποθηκεύτηκε σε:
Λεπτομέρειες βιβλιογραφικής εγγραφής
Κύριος συγγραφέας: Wrede, Robert C.
Άλλοι συγγραφείς: Spiegel, Murray R.
Μορφή: Βιβλίο
Γλώσσα:Greek
English
Δημοσίευση: Θεσσαλονίκη : Τζιόλας, c2016.
Έκδοση:3η έκδ.
Σειρά:Schaum's outline series
Θέματα:
Ετικέτες: Προσθήκη ετικέτας
Δεν υπάρχουν, Καταχωρήστε ετικέτα πρώτοι!

MARC

LEADER 00000cam a2200000 a 4500
001 1/109506
008 151221s2016####gr | ||| |||||||gre||
020 |a 9789604185184 
040 |a GR-MyUa  |b gre  |c GR-MyUa  |e AACR2 
041 1 |a gre  |h eng 
082 7 |a 515.076   |2 (23)  
100 1 |a Wrede, Robert C. 
245 1 0 |a Θεωρία και προβλήματα στα ανώτερα μαθηματικά /   |c Robert Wrede, Murray R. Spiegel ; επιμέλεια Κωνσταντίνος Αθ. Δραζιώτης, Αθανάσιος Ι. Μάργαρης.  
246 1 |i Μέρος τίτλου: Ανώτερα μαθηματικά 
250 |a 3η έκδ.  
260 |a Θεσσαλονίκη :   |b Τζιόλας,   |c c2016.  
300 |a xi, 512 σ. ;   |c 30 εκ.  
490 1 |a (Schaum's outline series) 
500 |a Μετάφραση του: Schaum's outline of advance calculus.  
500 |a Περιλαμβάνει ευρετήριο.  
650 0 |a Calculus  |v Outlines, syllabi, etc. 
650 0 |a Calculus  |v Problems, exercises, etc. 
700 1 |a Spiegel, Murray R. 
830 0 |a Schaum's outline series 
852 |a INST  |b SYROS  |c EUDOXUS  |e 20151221  |h 515.076 WRE  |p 005500011889  |q 005500011889  |t EDX  |y 0 
920 |a Εύδοξος  |b Παραγγελία  |y Σύρος-ΤΜΣΠΣ  |z 2015-12 
970 |a Κοντού  |b Παρασκευή  |z 21/12/2015